"Bunt szesnastolatki" - Myslovitz tekst - Statystyki

Ogólne statystyki
  • Ten quiz został rozwiązany 18 razy
  • Średni wynik to 105 z 134
Statystyki odpowiedzi
Hint Odpowiedź % Poprawnych
16
100%
a
100%
i
100%
lat
100%
ma
100%
nie
100%
on
100%
On
100%
z
100%
ci
90%
Ci
90%
jego
90%
jej
90%
kocha
90%
mówi
90%
na
90%
. Ona
90%
ona
90%
płacze
90%
raz,
90%
raz....
90%
raz
90%
raz...
90%
skacze
90%
trawnik
90%
tylko
90%
żadnego
90%
że
90%
chcesz
80%
depresji
80%
gaz
80%
innego
80%
ja
80%
Jeśli
80%
Jest
80%
Jestem
80%
mnie
80%
otwiera
80%
Podetnę
80%
podnieśli
80%
pokaz
80%
przed
80%
sąsiedzi
80%
się
80%
świat
80%
swojej
80%
wierzy
80%
żyły
80%
żyły,
80%
Cię
70%
dobrzy
70%
jedyną
70%
jedynym
70%
kochani
70%
kolejny
70%
nastolatki
70%
obszarze
70%
odkręcę
70%
parteru
70%
pokażę!
70%
pokażę
70%
powiedzmy
70%
ratujcie
70%
Ratujcie
70%
robisz
70%
Tobą
70%
trawy
70%
tym
70%
Czeka
60%
dla
60%
głupiej
60%
mężczyzną
60%
niej
60%
przejmuje
60%
wcale
60%
więc
60%
czarny
50%
dopinguje
50%
dziewczyny
50%
go
50%
przecież
50%
rozpacz
50%
wciąż
50%
Ból
20%
Nie znaleziono quizów pasujących do podanych kryteriów
Rozkład punktacji
Procent ludzi z każdym wynikiem
Percentyl według liczby udzielonych odpowiedzi
Twoja historia wyników
Nie rozwiązałeś tego quizu